header

Negotiating paradise (Record no. 155109)

MARC details
000 -LEADER
fixed length control field 01716nam a2200385Ia 4500
100 1# - MAIN ENTRY--AUTHOR NAME
Personal name Merrill, Dennis.
245 10 - TITLE STATEMENT
Title Negotiating paradise
250 ## - EDITION STATEMENT
Edition statement 1st ed.
260 ## - PUBLICATION, DISTRIBUTION, ETC. (IMPRINT)
Place of publication Chapel Hill, NC :
Name of publisher University of North Carolina Press,
Year of publication c2009.
300 ## - PHYSICAL DESCRIPTION
Number of Pages xvi, 327 p.
650 #0 - SUBJECT ADDED ENTRY--TOPICAL TERM
Topical Term Americans
Topical Term Tourists
Topical Term Tourism
Topical Term Tourism
Topical Term Tourism
856 40 - ELECTRONIC LOCATION AND ACCESS
Uniform Resource Identifier http://site.ebrary.com/lib/rucke/Doc?id=10351505

No items available.

© 2026 Rongo University
Contact us: librarian | system librarian | Rongo university